000 004530000a22001810004500
020 _a950-683-071-1
041 0 _aSPA
082 0 4 _aG 260 S8885s
100 1 _aStott, John
245 1 0 _aSeñales de una iglesia viva / John Stott
260 _aBuenos Aires, Argentina : Certeza
300 _a120 Pag
001 6563
942 _cBK
999 _c36832
_d36832
336 _atexto
_btxt
_2rdacontent
337 _2rdamedia
_asin mediación
_bn
338 _2rdacarrier
_avolumen
_bnc